[Event "Sentjur Ipavec Memorial U11"]
[Site "Sentjur"]
[Date "2011.09.17"]
[Round "4"]
[White "Svegler, Alen"]
[Black "Stojan, Sergej"]
[Result "1/2-1/2"]
[WhiteElo "1500"]
[BlackElo "1500"]
[PlyCount "139"]
[EventDate "2011.09.14"]
[EventType "swiss"]
[EventRounds "9"]
[EventCountry "SLO"]
[SourceTitle "CBM 144 Extra"]
[Source "ChessBase"]
[SourceDate "2011.10.28"]
[SourceVersion "1"]
[SourceVersionDate "2011.10.28"]
[SourceQuality "1"]

1. e4 e5 2. Qh5 g6 3. Qf3 Nh6 4. Bc4 a6 5. d3 d6 6. Bxh6 Kd7 7. Qxf7+ Qe7 8. Qxe7+ Kxe7 9. Bxf8+ Rxf8 10. Nc3 Nc6 11. 0-0-0 Rxf2 12. Nd5+ Kd7 13. Nc3 Nb4 14. Rd2 Rf1+ 15. Rd1 Rf6 16. d4 exd4 17. Rxd4 Kd8 18. a3 Nc6 19. Rd2 Ne5 20. Be2 Bg4 21. Bxg4 Nxg4 22. Nh3 a5 23. Nd5 Re6 24. Nc3 Ra6 25. Rf1 Ke7 26. Rf4 Nxh2 27. Rh4 h5 28. Ng5 Re5 29. Rxh2 Rxg5 30. b3 Rc6 31. Ne2 Re5 32. Rh4 b6 33. Ng3 Rg5 34. Nf1 Re5 35. Ng3 Rg5 36. Ne2 Rxg2 37. Nd4 Rxd2 38. Kxd2 Rc5 39. b4 Rc4 40. c3 axb4 41. axb4 c5 42. Nc6+ Ke6 43. bxc5 Rxc5 44. Nd4+ Ke5 45. Nf3+ Ke6 46. Kd3 b5 47. Nd4+ Ke5 48. Nf3+ Ke6 49. Nd4+ Kf7 50. Rf4+ Ke7 51. Rf1 g5 52. Rh1 g4 53. Rg1 Rg5 54. Nf5+ Kf6 55. Nxd6 h4 56. Nxb5 Rxb5 57. Rxg4 Rh5 58. Rf4+ Ke5 59. Rf1 h3 60. Rh1 h2 61. c4 Rh3+ 62. Ke2 Kxe4 63. c5 Kd5 64. Kf2 Kxc5 65. Kg2 Rh7 66. Rc1+ Kd5 67. Rd1+ Ke6 68. Rc1 h1Q+ 69. Rxh1 Rxh1 70. Kxh1 1/2-1/2